Australian Masterchef Winners - Statistics

General Stats
  • This quiz has been taken 46 times
  • The average score is 8 of 15
Answer Stats
Series Winner % Correct
Season 1 Julie Goodwin
88%
Season 10 Sashi Cheliah
84%
Season 4 Andy Allen
81%
Season 2 Adam Liaw
66%
Season 7 Billie McKay
63%
Season 9 Diana Chan
63%
Season 6 Brent Owens
56%
Season 8 Elena Duggan
56%
Season 3 Kate Bracks
56%
Season 11 Larissa Takchi
56%
Season 5 Emma Dean
50%
Celebrity Eamon Sullivan
19%
Junior Season 1 Isabella Bliss
16%
Junior Season 2 Greta Yaxley
13%
The Professionals Rhys Badcock
9%
No matching quizzes found
Score Distribution
Percent of People with Each Score
Percentile by Number Answered
Your Score History
You have not taken this quiz